000 01631nam a2200337 i 4500
003 EG-GICUC
005 20260122220153.0
008 260122s1990 ua ||||fr|||| 00| 0 ara d
017 _a1990/9086
020 _a977-03-0041-1
040 _a EG-GICUC
_bara
_c EG-GICUC
_d EG-GICUC
_erda
041 0 _aara
082 0 4 _221
_a345.661
_bع ب . و
092 0 4 _221
099 _aLaw1 07 345.661 1990 ع ب . و
100 0 _aعبدالغني بسيوني عبدالله
_eمؤلف.
245 1 2 _aوقف تنفيذ القرار الإداري :
_nفي أحكام القضاء الإدارى /
_cدكتور عبدالغني بسيوني عبدالله.
264 1 _aالإسكندرية :
_bمنشأة المعارف،
_c1990.
300 _a173 ؛ صفحة
_c24 سم.
336 _2rda content
_atext
337 _2rda media
_aComputer
338 _2rda carrier
_aOnline Resource
500 _aوقف التنفيذ القرارات الإدارية المطعون فيها بالإلغاء أمام القضاء الإداري، من حيث مجال إعمال وقف التنفيذ . وشروط الحكم بوقف التنفيذ، والحكم الصادر بوقف التنفيذ، وتقدير تطبيق القضاء الإداري لوقف تنفيذ القرار الإداري ..
504 _aببليوجرافيا : صفحات 167-173.
546 _aالنص باللغة العربية
650 1 4 _aوقف تنفيذ القرارات الإدارية
650 1 4 _aالقانون الإداري
856 4 0 _uhttps://fll.law.cu.edu.eg/fulltext/bks/B07-02415.pdf
905 _a77
942 _2ddc
_cBK
_e21
_n0
999 _c58749
_d58749